Legislación mexicana, ó, Colección completa de las disposiciones legislativas expedidas desde la Independencia de la República

Detalles Bibliográficos
Autor principal: Dublan, Manuel
Otros Autores: Lozano, José María (coaut.)
Formato: Libro
Lenguaje:Spanish
Publicado: México 1897.
Edición:Edición oficial
Materias:
Colección:Banco de datos
Acervo:Biblioteca Pública Central del Estado de Durango. Lic. José Ignacio Gallegos Caballero. Colección General
Descripción Física:t. f°
Tema general:Derecho civil
Notas:Portada con plecas. Texto a dos columnas. Cada tomo con portada y numeración propias. Año del t. 20 publicado en 1897; t. 21-27: 1898; t. 28-29: 1899; t. 31-32: 1902. Encuadernación en keratol con lomo en piel (6224-6235). Ex libris en estampa de la litografía, tipografía, rayados y encuadernadora de Miguel Gómez, Durango (6224-6235). Sello en tinta de la Biblioteca Pública del Estado de Durango (6224-6235)
LEADER 01562nam a22002170004500
035 |a 301 
041 0 |a spa 
100 1 |a Dublan, Manuel 
245 1 0 |a Legislación mexicana, ó, Colección completa de las disposiciones legislativas expedidas desde la Independencia de la República  |c arreglada por los Licenciados Adolfo Dublan y Adalberto A. Esteva ; continuación de la ordenada por los Lics. Manuel Dublan y Jose Maria Lozano 
250 |a Edición oficial 
260 |a México  |b imprenta de Eduardo Dublan  |c 1897. 
300 |a  t.  |c f° 
500 |a Portada con plecas. Texto a dos columnas. Cada tomo con portada y numeración propias. Año del t. 20 publicado en 1897; t. 21-27: 1898; t. 28-29: 1899; t. 31-32: 1902. Encuadernación en keratol con lomo en piel (6224-6235). Ex libris en estampa de la litografía, tipografía, rayados y encuadernadora de Miguel Gómez, Durango (6224-6235). Sello en tinta de la Biblioteca Pública del Estado de Durango (6224-6235) 
504 |a Índices cronológico y alfabético 
650 1 0 |a Derecho civil 
700 1 |a Lozano, José María  |e coaut. 
740 0 |a Colección completa de las disposiciones legislativas expedidas desde la Independencia de la República 
949 |a CG. t. 20 (6224), t. 21 (6225); t. 22 (6226); t. 23 (6227); t. 24 (6228); t. 25 (6229); t. 26 (6230); t. 27 (6231); t. 28 (6232), t. 29 (6233); t. 31 (6234); t. 32 (6235) 
942 |c DURANGEN 
943 |g Biblioteca Pública Central del Estado de Durango. Lic. José Ignacio Gallegos Caballero. Colección General 
999 |c 1076105  |d 1076105